Battles of the United States, by sea and land : embracing those of the Revolutionary and Indian Wars, the War of 1812, and the Mexican War; with important official documents /

Bibliographic Details
Main Author: Dawson, Henry B. (Henry Barton), 1821-1889
Format: Book
Language:English
Published: New York : Johnson, Fry, [1858]
Subjects:

MARC

Tag First Indicator Second Indicator Subfields
LEADER 00000cam a2200000 i 4500
001 in00000665458
005 20151015083051.0
008 791022r19791858kyua bb 00010 eng d
035 |a (OCoLC)05572839 
035 |9 ACX9982AM 
040 |a RRR  |c RRR  |d TXA  |d UtOrBLW 
043 |a n-us--- 
049 |a TXAI  |v 1-2 
099 |a fiche  |a C  |a 2220 
100 1 |a Dawson, Henry B.  |q (Henry Barton),  |d 1821-1889. 
245 1 0 |a Battles of the United States, by sea and land :  |b embracing those of the Revolutionary and Indian Wars, the War of 1812, and the Mexican War; with important official documents /  |c by Henry B. Dawson ; illustrated ... from original paintings by Alonzo Chappel. 
264 1 |a New York :  |b Johnson, Fry,  |c [1858] 
300 |a 2 volumes : illustrations ;  |c 28 cm. 
336 |a text  |b txt  |2 rdacontent 
337 |a microform  |b h  |2 rdamedia 
338 |a microfiche  |b he  |2 rdacarrier 
500 |a Each volume has added t. p., engraved. 
500 |a Microfiche. Louisville, Ky. : Lost Cause Press, 1979, c1976. -- 17 sheets ; 10.5 x 14.8 cm. -- (Sabin, Joseph, 1821-1881. [Bibliotheca Americana] Selected Americana. [Microfiche edition]) -- (Fiche book). 
500 |a "Copied from the original located in the State Historical Society of Wisconsin Library." 
504 |a Includes bibliographical references. 
505 0 |a v. 1. The War of the Revolution, 1775-1783. -- v. 2. The Indian, French, and Algerine Wars, the War of 1812, and the Mexican War, 1790-1847. 
500 |a Microform. 
650 0 |a Battles  |z United States. 
651 0 |a United States  |x History, Military. 
999 |a MARS 
999 f f |s d9933234-5c5e-330d-8ae0-c065367e575d  |i cbd3cba7-bf2d-3cc0-8fd5-19c07914e1f4  |t 0 
952 f f |p normal  |a Texas A&M University  |b College Station  |c Sterling C. Evans Library  |d Evans: Microforms (3rd floor)  |t 0  |e fiche C 2220  |h Other scheme  |i microform -- microfiche  |k v.2  |m A14820797624 
952 f f |p normal  |a Texas A&M University  |b College Station  |c Sterling C. Evans Library  |d Evans: Microforms (3rd floor)  |t 0  |e fiche C 2220  |h Other scheme  |i microform -- microfiche  |k v.1  |m A14820797674 
998 f f |a fiche C 2220  |s v.1-v.2  |t 0  |l Evans: Microforms (3rd floor)